| 000 | 00484nam a2200157Ia 4500 | ||
|---|---|---|---|
| 008 | 160316s2009 xxu||||| |||| 00| 0 eng d | ||
| 082 |
_a344.041000 _bJAM |
||
| 100 | _aJames Grace | ||
| 245 | _aThe legal regulation of pregnancy and parenting in the labour market | ||
| 250 | _a | ||
| 260 |
_aLondon _bRoutledge _c2009 |
||
| 300 |
_a147p _b _cvii |
||
| 365 | _b Rs. 7,315 | ||
| 650 | _a1. Pregnant Women - Employment - Law & Legislation - U K 2. Parental Leave - U K | ||
| 700 |
_a _a |
||
| 999 |
_c28519 _d28519 |
||